Les 10 pays d’Afrique ayant le plus grand taux de divorces - Statistiques

Statistiques générales
  • Ce quiz a été pris 105 fois
  • Le résultat moyen est 6 sur 10
Statistiques - réponses
Rang % en 2015 Pays % Correct
5 1,500 Algérie
96%
1 2,077 Égypte
93%
10 0,456 Afrique du Sud
89%
6 1,328 Tunisie
85%
9 0,500 Libye
81%
7 1,136 Soudan
73%
4 1,594 Seychelles
53%
2 1,711 Maurice
52%
8 0,703 Mayotte (France)
9%
3 1,680 La Réunion (France)
8%
Aucun quiz correspondant
Distribution des résultats
% des personnes avec chaque résultat
Percentile par nombre de réponses
Votre historique - résultats
Vous n’avez pas pris ce quiz